Photo de profils youtuber - Statistiques

Statistiques générales
  • Ce quiz a été pris 1 735 fois
  • Le résultat moyen est 16 sur 19
Statistiques - réponses
Par images Réponse % Correct
Lama Faché
98%
Mastu
98%
Tibo Inshape
98%
Cyprien
96%
Inoxtag
96%
Mcfly et Carlito
96%
joyca
95%
Squeezie
95%
Michou
93%
Natoo
93%
Lebouseuh
85%
Amixem
82%
Pidi
76%
Mr Beast
74%
Sora
68%
Pierre Croce
67%
L'atelier de Roxane
61%
Furious Jumper
60%
Apo
57%
Aucun quiz correspondant
Distribution des résultats
% des personnes avec chaque résultat
Percentile par nombre de réponses
Votre historique - résultats
Vous n’avez pas pris ce quiz